| 000 | 00626nam a2200217Ia 4500 | ||
|---|---|---|---|
| 005 | 20250508164749.0 | ||
| 008 | 008 250505s9999 xx 000 0 eng d | ||
| 020 | _a978-81-8465-005-1 | ||
| 037 | _aTextBook | ||
| 040 |
_aFEDL _beng _cFEDL |
||
| 041 |
_aeng _2eng |
||
| 084 |
_a509.2, LIL/R _qFEDL |
||
| 100 |
_aGodbole Rohini Ed. _9463210 |
||
| 245 | 0 | _aLilavati's daughters : The women scientists of India | |
| 260 |
_bIndian Academy of Sciences _c2008 |
||
| 300 | _axv,369p. | ||
| 365 |
_aINR _b300 |
||
| 700 |
_a Ram Ramaswamy Ed. _9779105 |
||
| 942 |
_cTB _h509.2, LIL/R |
||
| 999 |
_c1390988 _d1390988 |
||